| 000 | 01061 a2200217 4500 | ||
|---|---|---|---|
| 001 | 25431 | ||
| 005 | 20260407155538.0 | ||
| 008 | 260407a1982 arg spa d | ||
| 003 | AR-UNSa-BCEJYS | ||
| 040 |
_aAR-UNSa-BCEJYS _bspa _cAR-UNSa-BCEJYS |
||
| 080 |
_a657.05 _xContabilidad de gestión (Contabilidad gerencial, control de gestión...) |
||
| 245 | 1 | 0 | _aContabilidad gerencial |
| 250 | _a4a. ed | ||
| 264 | 1 |
_aBuenos Aires : _bEl Ateneo _c1982 |
|
| 300 |
_a104 p. _c26 cm. |
||
| 505 | _a1. Introducción - 2. Análisis de estados contables - 3. Estado de cambios en la posición financiera - 4. Contabilidad de costos - 5. Control gerencial - 6. Características del costo - 7. Presupuestación - 8. Problemas de selección de alternativas - 9. Problemas de selección de alternativas - 10. Planeamiento de compras de bienes de capital. | ||
| 942 | _cBK | ||
| 590 | _aniveau_biblio:m niveau_hierar:0 | ||
| 100 | 1 | _aAnthony, Robert N. | |
| 856 | 4 | 1 |
_uhttps://biblioeco.unsa.edu.ar/pmb/images/libros/Contabilidad Gerencial.jpg _yImagen de portada _qimage/jpeg |
| 999 |
_c1381 _d1381 |
||